Villages in Haarlemmermeer (Netherlands) - Statistics

General Stats
  • This quiz has been taken 105 times
  • The average score is 10 of 26
Answer Stats
Dorp % Correct
Hoofddorp
94%
Nieuw-Vennep
75%
Schiphol
73%
Zwanenburg
54%
Badhoevedorp
52%
Schiphol-Rijk
49%
Cruquius
44%
Vijfhuizen
44%
Lisserbroek
40%
Abbenes
38%
Rijsenhout
37%
Boesingheliede
35%
Lijnden
35%
Aalsmeerderbrug
33%
Beinsdorp
33%
Buitenkaag
32%
Burgerveen
30%
Oude Meer
30%
Weteringbrug
30%
Zwaanshoek
30%
Leimuiderbrug
27%
Nieuwebrug
24%
Nieuwe Meer
24%
't Kabel
24%
Rozenburg
22%
De Hoek
21%
No matching quizzes found
Score Distribution
Percent of People with Each Score
Percentile by Number Answered
Your Score History
You have not taken this quiz